000 01328nam a2200265Ia 4500
003 OSt
005 20220930094838.0
006 a|||||r|||| 00| 0
007 ta
008 220926b |||||||| |||| 00| 0 hin d
024 _a21638
037 _cTheses
040 _aCRL
_cCRL
_bhin
041 _2hin
_ahin
100 _aमीणा, सुनीता
110 _aदिल्ली विश्वविद्यालय. कला संकाय. संस्कृत विभाग
_9556434
245 0 _aनाट्यशास्त्रीय ग्रन्थों में उपलब्ध नाट्य तत्त्वों का आधुनिक परिप्रक्ष्य में मूल्यांकन
246 _aNāṭyashāstrīya granthoan mean upalabdha nāṭya tattvoan kā ādhunik pariprakṣhya mean mūlyāankana
260 _c2013
650 _aसंस्कृत साहित्य
700 _a डॉ. पी. क्े. पण्डा, गा.
_9556435
700 _aदिल्ली विश्वविद्यालय. कला संकाय. संस्कृत विभाग
_9556436
942 _cDIS
_2CC
999 _c887765
_d887765